[Event "Caioba Telecom op"]
[White "Souza, Bruna Garcia De"]
[Black "Idalgo Filho, Robson Farias"]
[Site "Caioba"]
[Round "6"]
[Result "1/2-1/2"]
[Date "2017.09.30"]
[WhiteElo "1654"]
[BlackElo "1953"]
[PlyCount "29"]
[EventDate "2017.09.28"]
[EventType "swiss"]
[EventRounds "8"]
[EventCountry "BRA"]
[SourceTitle "EXT 2020"]
[Source "ChessBase"]
[SourceDate "2019.10.17"]
[SourceVersion "1"]
[SourceVersionDate "2019.10.17"]
[SourceQuality "1"]

1. e4 c5 2. f4 d6 3. e5 Nc6 4. Nf3 Bg4 5. Bb5 e6 6. 0-0 Nge7 7. h3 Bxf3 8. Qxf3 h5 9. d3 h4 10. Bxc6+ bxc6 11. Be3 Nf5 12. Bf2 Be7 13. Nd2 a5 14. a4 Rb8 15. Nb3 1/2-1/2

[Event "Sao Bento do Sul op 06"]
[White "Dos Anjos, Diovana Ferreira"]
[Black "Idalgo Filho, Robson Farias"]
[Site "Sao Bento do Sul"]
[Round "5"]
[Result "1/2-1/2"]
[Date "2017.06.10"]
[WhiteElo "1654"]
[BlackElo "1972"]
[PlyCount "46"]
[EventDate "2017.06.09"]
[EventType "swiss"]
[EventRounds "6"]
[EventCountry "BRA"]
[SourceTitle "EXT 2019"]
[Source "ChessBase"]
[SourceDate "2018.10.10"]
[SourceVersion "1"]
[SourceVersionDate "2018.10.10"]
[SourceQuality "1"]

1. b4 c6 2. Bb2 Qb6 3. a3 a5 4. c3 d5 5. e3 e5 6. d3 f5 7. Nd2 e4 8. dxe4 dxe4 9. Nc4 Qc7 10. Nxa5 Rxa5 11. bxa5 Qxa5 12. a4 Be6 13. Nh3 Be7 14. Nf4 Bf7 15. Ne2 c5 16. Ng3 g6 17. Bb5+ Nc6 18. 0-0 Nf6 19. c4 0-0 20. Qc2 Nb4 21. Qc3 Qc7 22. Rad1 Nd3 23. Ba1 h5 1/2-1/2

[Event "Curitiba IEP&Copel op"]
[White "Idalgo Filho, Robson Farias"]
[Black "Borges, Guilherme Deola"]
[Site "Curitiba"]
[Round "4"]
[Result "1-0"]
[Date "2017.05.13"]
[WhiteElo "1946"]
[BlackElo "2149"]
[PlyCount "77"]
[EventDate "2017.05.12"]
[EventType "swiss"]
[EventRounds "6"]
[EventCountry "BRA"]
[SourceTitle "CBM 178 Extra"]
[Source "ChessBase"]
[SourceDate "2017.06.22"]
[SourceVersion "1"]
[SourceVersionDate "2017.06.22"]
[SourceQuality "1"]

1. c4 Nf6 2. Nc3 g6 3. g3 Bg7 4. Bg2 0-0 5. Nf3 d6 6. 0-0 Nc6 7. d3 e5 8. Rb1 a5 9. a3 h6 10. b4 axb4 11. axb4 Be6 12. b5 Ne7 13. Bb2 Qd7 14. Re1 Bh3 15. Bh1 Ng4 16. Nd2 Rab8 17. e4 f5 18. f3 Nf6 19. Bg2 Bxg2 20. Kxg2 h5 21. Nb3 Rf7 22. d4 exd4 23. Nxd4 fxe4 24. Nxe4 Nxe4 25. Rxe4 Ra8 26. Ne6 Bxb2 27. Rxb2 Ra3 28. Ng5 Rf8 29. Rbe2 Nf5 30. Qd5+ Kh8 31. Qxb7 h4 32. Ne6 h3+ 33. Kxh3 Re8 34. Qxc7 Qxc7 35. Nxc7 Rxe4 36. fxe4 Ne3 37. Rxe3 Rxe3 38. b6 Rb3 39. Nd5 1-0

[Event "Joinville op U2200"]
[White "Both, Vinicius Andre"]
[Black "Idalgo Filho, Robson Farias"]
[Site "Joinville"]
[Round "4"]
[Result "1/2-1/2"]
[Date "2017.02.18"]
[WhiteElo "1942"]
[BlackElo "1854"]
[PlyCount "40"]
[EventDate "2017.02.17"]
[EventType "swiss"]
[EventRounds "7"]
[EventCountry "BRA"]
[SourceTitle "CBM 177 Extra"]
[Source "ChessBase"]
[SourceDate "2017.04.27"]
[SourceVersion "1"]
[SourceVersionDate "2017.04.27"]
[SourceQuality "1"]

1. e4 c5 2. Nf3 d6 3. c4 Nc6 4. Nc3 Nf6 5. d4 cxd4 6. Nxd4 g6 7. Be2 Bg7 8. Nxc6 bxc6 9. 0-0 0-0 10. Be3 Be6 11. Qa4 Qc7 12. f3 Nd7 13. Rac1 Nb6 14. Qa5 Qb7 15. b3 d5 16. cxd5 cxd5 17. Ba6 Qb8 18. exd5 Bxc3 19. Qxc3 Nxd5 20. Qd4 Nxe3 1/2-1/2

[Event "Parana-ch"]
[White "Idalgo Filho, Robson Farias"]
[Black "Yano, William Jorge Froes"]
[Site "Pirai do Sul"]
[Round "8"]
[Result "1/2-1/2"]
[Date "2017.02.05"]
[WhiteElo "1854"]
[BlackElo "2071"]
[PlyCount "48"]
[EventDate "2017.02.01"]
[EventType "swiss"]
[EventRounds "8"]
[EventCountry "BRA"]
[SourceTitle "CBM 176 Extra"]
[Source "ChessBase"]
[SourceDate "2017.03.02"]
[SourceVersion "1"]
[SourceVersionDate "2017.03.02"]
[SourceQuality "1"]

1. Nf3 d6 2. e4 Bg4 3. d4 c6 4. a4 g6 5. h3 Bxf3 6. Qxf3 Bg7 7. c3 Nd7 8. Bc4 Ngf6 9. 0-0 0-0 10. Bf4 e5 11. dxe5 Nxe5 12. Bxe5 dxe5 13. Rd1 Qb6 14. Qe2 a5 15. Na3 Rad8 16. Bd3 Nh5 17. Qc2 Nf4 18. Nc4 Qc5 19. Bf1 Bf6 20. Rxd8 Rxd8 21. Rd1 Rxd1 22. Qxd1 Bh4 23. Qf3 Bd8 24. Qe3 Ne6 1/2-1/2

[Event "Parana-ch"]
[White "Idalgo Filho, Robson Farias"]
[Black "Gonzalez, Bolivar Ribeiro"]
[Site "Pirai do Sul"]
[Round "6"]
[Result "0-1"]
[Date "2017.02.04"]
[WhiteElo "1854"]
[BlackElo "2241"]
[PlyCount "64"]
[EventDate "2017.02.01"]
[EventType "swiss"]
[EventRounds "8"]
[EventCountry "BRA"]
[SourceTitle "CBM 176 Extra"]
[Source "ChessBase"]
[SourceDate "2017.03.02"]
[SourceVersion "1"]
[SourceVersionDate "2017.03.02"]
[SourceQuality "1"]

1. c4 Nf6 2. Nf3 c5 3. Nc3 Nc6 4. g3 d5 5. cxd5 Nxd5 6. Bg2 Nc7 7. a3 e5 8. b4 f6 9. bxc5 Bxc5 10. 0-0 0-0 11. Bb2 Be6 12. Na4 Be7 13. d4 e4 14. Nd2 f5 15. e3 Na5 16. Rc1 b6 17. Nc3 b5 18. Re1 Rb8 19. f3 exf3 20. Bxf3 Qd7 21. Ne2 g5 22. e4 fxe4 23. Bxe4 Nd5 24. Nc3 Nf6 25. d5 Bh3 26. Qe2 Bc5+ 27. Kh1 Ng4 28. Bxh7+ Qxh7 29. Nce4 Be3 30. Rc3 Bxd2 31. Qxd2 Qxe4+ 32. Kg1 Qxe1+ 0-1

[Event "Parana-ch"]
[White "Das Chagas, David Ferreira"]
[Black "Idalgo Filho, Robson Farias"]
[Site "Pirai do Sul"]
[Round "5"]
[Result "1/2-1/2"]
[Date "2017.02.03"]
[WhiteElo "1952"]
[BlackElo "1854"]
[PlyCount "27"]
[EventDate "2017.02.01"]
[EventType "swiss"]
[EventRounds "8"]
[EventCountry "BRA"]
[SourceTitle "CBM 176 Extra"]
[Source "ChessBase"]
[SourceDate "2017.03.02"]
[SourceVersion "1"]
[SourceVersionDate "2017.03.02"]
[SourceQuality "1"]

1. e4 e5 2. Nf3 Nf6 3. Nxe5 d6 4. Nf3 Nxe4 5. Qe2 Qe7 6. Nc3 Nxc3 7. dxc3 Bg4 8. Qxe7+ Bxe7 9. Be2 Nc6 10. Be3 Bf6 11. Nd4 Nxd4 12. Bxd4 Bxd4 13. cxd4 Bxe2 14. Kxe2 1/2-1/2

[Event "Florianopolis op 3rd"]
[White "Idalgo Filho, Robson Farias"]
[Black "Frois, Vitor Amorim"]
[Site "Florianopolis"]
[Round "4"]
[Result "1/2-1/2"]
[Date "2017.01.22"]
[WhiteElo "1854"]
[BlackElo "1977"]
[PlyCount "51"]
[EventDate "2017.01.20"]
[EventType "swiss"]
[EventRounds "10"]
[EventCountry "BRA"]
[SourceTitle "CBM 176 Extra"]
[Source "ChessBase"]
[SourceDate "2017.03.02"]
[SourceVersion "1"]
[SourceVersionDate "2017.03.02"]
[SourceQuality "1"]

1. e4 c5 2. Nf3 d6 3. Bb5+ Bd7 4. Bxd7+ Qxd7 5. c4 Nc6 6. 0-0 Nf6 7. Nc3 g6 8. d4 cxd4 9. Nxd4 Bg7 10. Nde2 0-0 11. f3 Rfc8 12. Bg5 Rab8 13. b3 a6 14. a4 e6 15. Rb1 Qc7 16. Kh1 h6 17. Bf4 Ne5 18. Qd2 Kh7 19. Rfd1 Rd8 20. Bg3 Qc5 21. Qd4 Rbc8 22. Qxc5 Rxc5 23. Rd2 Ne8 24. Rbd1 Rcc8 25. Bf2 Nd7 26. Bh4 1/2-1/2

[Event "Sao Bento do Sul U2050 2nd"]
[White "Rodrigues, Nei Jorge"]
[Black "Idalgo Filho, Robson Farias"]
[Site "Sao Bento do Sul"]
[Round "3.7"]
[Result "1-0"]
[Date "2016.09.17"]
[WhiteElo "2036"]
[BlackElo "1862"]
[PlyCount "73"]
[EventDate "2016.09.16"]
[EventType "swiss"]
[EventRounds "7"]
[EventCountry "BRA"]
[SourceTitle "EXT 2022"]
[Source "ChessBase"]
[SourceDate "2021.10.06"]
[SourceVersion "1"]
[SourceVersionDate "2021.10.06"]
[SourceQuality "1"]

1. d4 d5 2. Nf3 Nf6 3. c4 c6 4. Nc3 a6 5. cxd5 cxd5 6. Bf4 Nc6 7. e3 Bg4 8. Be2 e6 9. Rc1 Rc8 10. 0-0 Be7 11. h3 Bh5 12. Na4 Ne4 13. a3 0-0 14. Nd2 Nxd2 15. Qxd2 Bxe2 16. Qxe2 Na5 17. b4 Nc4 18. Rc3 Bd6 19. Bxd6 Qxd6 20. Nc5 Rc7 21. e4 Nb6 22. e5 Qe7 23. f4 g6 24. Rg3 Kh8 25. Qg4 Nd7 26. f5 b6 27. f6 Qe8 28. Nxa6 Ra7 29. b5 Nb8 30. Nxb8 Qxb5 31. Qg5 Rxb8 32. Qh6 Rg8 33. Rf4 Qb1+ 34. Kh2 g5 35. Rfg4 Qf5 36. Rxg5 Raa8 37. Rxg8+ 1-0

[Event "Sao Bento do Sul U2050 2nd"]
[White "Felix, Joao Eduardo Orland"]
[Black "Idalgo Filho, Robson Farias"]
[Site "Sao Bento do Sul"]
[Round "1.18"]
[Result "0-1"]
[Date "2016.09.16"]
[WhiteElo "1272"]
[BlackElo "1862"]
[PlyCount "60"]
[EventDate "2016.09.16"]
[EventType "swiss"]
[EventRounds "7"]
[EventCountry "BRA"]
[SourceTitle "EXT 2022"]
[Source "ChessBase"]
[SourceDate "2021.10.06"]
[SourceVersion "1"]
[SourceVersionDate "2021.10.06"]
[SourceQuality "1"]

1. e4 g6 2. d4 Bg7 3. Nc3 c6 4. Bc4 d5 5. exd5 b5 6. Bb3 b4 7. Na4 cxd5 8. Nf3 Bg4 9. Be3 Nf6 10. Nc5 0-0 11. h3 Bxf3 12. Qxf3 e6 13. 0-0 Nbd7 14. Nd3 a5 15. a4 Ne4 16. Nf4 Rc8 17. Ne2 Nb6 18. Ng3 Nd6 19. Qe2 Nbc4 20. Rab1 h5 21. Bxc4 Nxc4 22. b3 Nxe3 23. fxe3 Qc7 24. Rbc1 Qxg3 25. Rf3 Qg5 26. Rcf1 Rc3 27. R1f2 Bh6 28. Rf1 Rxe3 29. Rxe3 Qxe3+ 30. Qxe3 Bxe3+ 0-1

[Event "Sao Bento do Sul U2050 2nd"]
[White "Idalgo Filho, Robson Farias"]
[Black "Mariani, Daniel Brandao"]
[Site "Sao Bento do Sul"]
[Round "2.2"]
[Result "1/2-1/2"]
[Date "2016.09.16"]
[WhiteElo "1862"]
[BlackElo "2004"]
[PlyCount "107"]
[EventDate "2016.09.16"]
[EventType "swiss"]
[EventRounds "7"]
[EventCountry "BRA"]
[SourceTitle "EXT 2022"]
[Source "ChessBase"]
[SourceDate "2021.10.06"]
[SourceVersion "1"]
[SourceVersionDate "2021.10.06"]
[SourceQuality "1"]

1. Nf3 Nf6 2. c4 c6 3. g3 d5 4. b3 Bf5 5. Bg2 e6 6. 0-0 Bd6 7. Bb2 Nbd7 8. d3 0-0 9. Nbd2 h6 10. a3 Re8 11. Rc1 Qe7 12. b4 a5 13. c5 Bc7 14. Qc2 Ra6 15. e4 dxe4 16. dxe4 Bh7 17. Rfe1 axb4 18. axb4 b6 19. Bf1 b5 20. Ra1 Rea8 21. Rxa6 Rxa6 22. Ra1 Rxa1 23. Bxa1 e5 24. Bg2 Nf8 25. Nh4 Qd8 26. Nf5 Ne6 27. Bc3 g6 28. Ne3 Nd4 29. Qd1 Nd7 30. Nb3 Nxb3 31. Qxb3 Nf8 32. Qb2 f6 33. Bh3 Kg7 34. Qe2 Bg8 35. Qd2 Qxd2 36. Bxd2 Ne6 37. Bxe6 Bxe6 38. g4 h5 39. h3 Bc8 40. f3 hxg4 41. hxg4 f5 42. gxf5 gxf5 43. Nxf5+ Bxf5 44. exf5 Kf6 45. Kf2 Kxf5 46. Ke2 e4 47. Bc3 Be5 48. fxe4+ Kxe4 49. Bxe5 Kxe5 50. Ke3 Kd5 51. Kd3 Ke5 52. Ke3 Kf5 53. Kf3 Ke5 54. Ke3 1/2-1/2

[Event "Caioba Telecom op"]
[White "Idalgo Filho, Robson Farias"]
[Black "Campestrini, Carine Katia"]
[Site "Caioba"]
[Round "6"]
[Result "1-0"]
[Date "2016.08.28"]
[WhiteElo "1850"]
[BlackElo "1634"]
[PlyCount "173"]
[EventDate "2016.08.26"]
[EventType "swiss"]
[EventRounds "6"]
[EventCountry "BRA"]
[SourceTitle "CBM 174 Extra"]
[Source "ChessBase"]
[SourceDate "2016.10.10"]
[SourceVersion "1"]
[SourceVersionDate "2016.10.10"]
[SourceQuality "1"]

1. Nf3 c5 2. c4 Nf6 3. Nc3 e6 4. g3 Nc6 5. Bg2 Be7 6. 0-0 0-0 7. d4 cxd4 8. Nxd4 a6 9. b3 Qc7 10. Bb2 b6 11. e4 Bb7 12. Nc2 Rfd8 13. Qe2 Na7 14. a4 Nc6 15. Rab1 Na5 16. Ba1 d6 17. Ne3 Rac8 18. Rfd1 Nc6 19. f4 Nb4 20. Kh1 e5 21. f5 Bf8 22. g4 Ne8 23. g5 Qe7 24. h4 f6 25. Qg4 Nc7 26. Bb2 a5 27. Bf3 Kh8 28. Qg2 Bc6 29. Ba3 Nba6 30. Bc1 Qe8 31. Ng4 Qe7 32. Be3 Rb8 33. Rg1 Ne8 34. Rb2 Nc5 35. Qc2 Qb7 36. Qb1 Qd7 37. Rbg2 Qf7 38. Kh2 Rdc8 39. Qd1 Rd8 40. Nf2 Rdc8 41. Bh5 Qe7 42. Bxe8 Rxe8 43. gxf6 Qxf6 44. Bg5 Qf7 45. Rg4 Rbc8 46. Be3 Rb8 47. Qc2 Red8 48. Nd3 Re8 49. Ne1 Red8 50. Nf3 Re8 51. Ng5 Qd7 52. Bxc5 bxc5 53. Ne6 Re7 54. Nd5 Bxd5 55. exd5 Rf7 56. h5 Qe7 57. h6 Qf6 58. Qd2 Rbb7 59. Nxf8 Rxf8 60. hxg7+ Rxg7 61. Rxg7 Qh4+ 62. Kg2 Kxg7 63. Kf1+ Kh8 64. Qg5 Qxg5 65. Rxg5 Rg8 66. Rh5 Rg3 67. Rh6 Rf3+ 68. Ke2 Rxf5 69. Rxd6 Kg7 70. Rc6 Rf6 71. Rxc5 h5 72. d6 Rxd6 73. Rxe5 h4 74. Rxa5 Kh6 75. Kf2 Rg6 76. Rd5 h3 77. Rd1 Kh5 78. Rg1 Rf6+ 79. Kg3 Rb6 80. Rb1 Kg5 81. Kxh3 Kf5 82. a5 Ra6 83. b4 Ke5 84. Rd1 Rf6 85. b5 Rf4 86. b6 Rxc4 87. a6 1-0

[Event "Caioba Telecom op"]
[White "Idalgo Filho, Robson Farias"]
[Black "Kikuchi Cadilhac, Mariana Sawae"]
[Site "Caioba"]
[Round "4"]
[Result "1/2-1/2"]
[Date "2016.08.27"]
[WhiteElo "1850"]
[BlackElo "1530"]
[PlyCount "158"]
[EventDate "2016.08.26"]
[EventType "swiss"]
[EventRounds "6"]
[EventCountry "BRA"]
[SourceTitle "CBM 174 Extra"]
[Source "ChessBase"]
[SourceDate "2016.10.10"]
[SourceVersion "1"]
[SourceVersionDate "2016.10.10"]
[SourceQuality "1"]

1. Nf3 f5 2. c4 Nf6 3. Nc3 e6 4. g3 c6 5. Bg2 d5 6. 0-0 Nbd7 7. d3 Be7 8. e4 0-0 9. Re1 Nb6 10. Qb3 fxe4 11. dxe4 Nxc4 12. Bg5 Nb6 13. Rad1 Bd7 14. a4 Bc8 15. Qc2 Qc7 16. Bf4 Qd8 17. Qb1 Bb4 18. Qa2 Bxc3 19. bxc3 Nbd7 20. Ng5 Nc5 21. e5 Ne8 22. Qc2 Rf5 23. h4 h6 24. Nf3 Rf8 25. c4 Qa5 26. Ra1 Qb6 27. Reb1 Qa6 28. Bf1 Ne4 29. cxd5 Qa5 30. Qxe4 exd5 31. Qg6 Bf5 32. Bd2 Bxg6 33. Bxa5 Bxb1 34. Nd4 Be4 35. f4 b6 36. Bd2 c5 37. Nb5 a6 38. Nc3 Nc7 39. Nxe4 dxe4 40. Bg2 Rad8 41. Be3 Rd3 42. Kf2 Rfd8 43. Bxe4 Rd1 44. Ra2 Nd5 45. Bxd5+ R1xd5 46. Rb2 Rb8 47. f5 Rxe5 48. Bf4 Rxf5 49. Kf3 Rb7 50. Ke4 Rff7 51. Kd5 Kh7 52. Kc6 g6 53. a5 b5 54. Kxc5 Rbe7 55. Rd2 Rf5+ 56. Kd6 Rff7 57. Rc2 Rd7+ 58. Ke6 Rfe7+ 59. Kf6 Re1 60. Rc6 Rd8 61. Rc7+ Kg8 62. Kxg6 Re6+ 63. Kf5 Re1 64. Bxh6 Rd5+ 65. Kg4 Rd4+ 66. Bf4 b4 67. Rb7 Ra1 68. Kf3 Rxa5 69. Ke3 Rad5 70. Rb8+ Kf7 71. Rb7+ Ke8 72. h5 Rd3+ 73. Ke2 Ra3 74. Rxb4 Rxh5 75. g4 Rhh3 76. Rb2 Ra4 77. Bc7 Rxg4 78. Kf2 Rg7 79. Be5 Rg5 1/2-1/2

[Event "Caioba Telecom op"]
[White "Idalgo Filho, Robson Farias"]
[Black "Dos Santos, Haroldo Cunha Jr"]
[Site "Caioba"]
[Round "2"]
[Result "0-1"]
[Date "2016.08.26"]
[WhiteElo "1850"]
[BlackElo "2123"]
[PlyCount "67"]
[EventDate "2016.08.26"]
[EventType "swiss"]
[EventRounds "6"]
[EventCountry "BRA"]
[SourceTitle "CBM 174 Extra"]
[Source "ChessBase"]
[SourceDate "2016.10.10"]
[SourceVersion "1"]
[SourceVersionDate "2016.10.10"]
[SourceQuality "1"]

1. Nf3 d5 2. c4 c6 3. b3 Bf5 4. Bb2 e6 5. g3 Nf6 6. Bg2 a5 7. a3 Nbd7 8. 0-0 Nc5 9. d3 h6 10. Nbd2 Be7 11. b4 Na6 12. b5 Nc5 13. bxc6 bxc6 14. Nd4 Ra6 15. Nxf5 exf5 16. Qc2 d4 17. Rfb1 0-0 18. Nf3 Ne6 19. Bc1 Kh7 20. Qb2 Qd6 21. a4 Nd7 22. Qc2 Qc7 23. Ba3 Bxa3 24. Rxa3 f4 25. Rab3 fxg3 26. hxg3 Nf6 27. Rb7 Qd6 28. R1b6 Rxb6 29. Rxb6 Rc8 30. Qd2 Nd7 31. Rb7 Ra8 32. Rxd7 Qxd7 33. Ne5 Qc7 34. Nxc6 0-1

[Event "Sao Bento do Sul U2050 1st"]
[White "Both, Vinicius Andre"]
[Black "Idalgo Filho, Robson Farias"]
[Site "Sao Bento do Sul"]
[Round "6.6"]
[Result "1/2-1/2"]
[Date "2016.05.22"]
[WhiteElo "1943"]
[BlackElo "1829"]
[PlyCount "45"]
[EventDate "2016.05.20"]
[EventType "swiss"]
[EventRounds "7"]
[EventCountry "BRA"]
[SourceTitle "EXT 2022"]
[Source "ChessBase"]
[SourceDate "2021.10.06"]
[SourceVersion "1"]
[SourceVersionDate "2021.10.06"]
[SourceQuality "1"]

1. d4 d5 2. c4 c6 3. Nc3 Nf6 4. Nf3 dxc4 5. a4 e6 6. e3 c5 7. Bxc4 Nc6 8. d5 exd5 9. Nxd5 Be6 10. Nxf6+ Qxf6 11. Bxe6 Qxe6 12. 0-0 Be7 13. Qe2 0-0 14. Rd1 Rfd8 15. Bd2 Bf6 16. Qb5 b6 17. a5 Ne5 18. Nxe5 Bxe5 19. Bc3 Bxc3 20. bxc3 h6 21. h3 Rac8 22. axb6 axb6 23. c4 1/2-1/2

[Event "Sao Bento do Sul U2050 1st"]
[White "Idalgo Filho, Robson Farias"]
[Black "Pereira, Geanfrancesco"]
[Site "Sao Bento do Sul"]
[Round "7.8"]
[Result "0-1"]
[Date "2016.05.22"]
[WhiteElo "1829"]
[BlackElo "1988"]
[PlyCount "116"]
[EventDate "2016.05.20"]
[EventType "swiss"]
[EventRounds "7"]
[EventCountry "BRA"]
[SourceTitle "EXT 2022"]
[Source "ChessBase"]
[SourceDate "2021.10.06"]
[SourceVersion "1"]
[SourceVersionDate "2021.10.06"]
[SourceQuality "1"]

1. c4 e5 2. Nc3 Nc6 3. Nf3 Nf6 4. d4 exd4 5. Nxd4 Bb4 6. Nxc6 dxc6 7. Qxd8+ Kxd8 8. Bd2 Re8 9. e3 Bf5 10. Be2 Ke7 11. Nb1 Bd6 12. Nc3 Kf8 13. 0-0-0 a6 14. f3 b5 15. e4 Be6 16. b3 Rab8 17. Kc2 Bd7 18. Bd3 a5 19. a4 b4 20. Ne2 c5 21. g4 Bc6 22. h3 Nd7 23. Nf4 Nb6 24. Ra1 Be5 25. Ra2 Nxa4 26. Rb1 Bxf4 27. Bxf4 Nc3 28. Rxa5 Nxb1 29. Kxb1 Ra8 30. Rxc5 Ra6 31. Bxc7 f6 32. Kb2 Rea8 33. Bb1 Kf7 34. Bf4 g6 35. Bd2 Rb8 36. h4 Ke6 37. h5 Kd6 38. Be3 Re8 39. hxg6 hxg6 40. Bc2 Rea8 41. Bb1 Rh8 42. g5 Rh2+ 43. Bc2 Re2 44. Bd4 f5 45. Re5 fxe4 46. fxe4 Rd2 47. c5+ Kd7 48. Be3 Re2 49. Bc1 Ra8 50. Kb1 Rh8 51. Bd3 Re1 52. Kc2 Rh2+ 53. Bd2 Ra1 54. Rd5+ Bxd5 55. exd5 Ra2+ 56. Kb1 Raxd2 57. Bb5+ Kd8 58. Kc1 Rxd5 0-1

[Event "Sao Bento do Sul U2050 1st"]
[White "Das Chagas, David Ferreira"]
[Black "Idalgo Filho, Robson Farias"]
[Site "Sao Bento do Sul"]
[Round "4.6"]
[Result "1/2-1/2"]
[Date "2016.05.21"]
[WhiteElo "1981"]
[BlackElo "1829"]
[PlyCount "22"]
[EventDate "2016.05.20"]
[EventType "swiss"]
[EventRounds "7"]
[EventCountry "BRA"]
[SourceTitle "EXT 2022"]
[Source "ChessBase"]
[SourceDate "2021.10.06"]
[SourceVersion "1"]
[SourceVersionDate "2021.10.06"]
[SourceQuality "1"]

1. Nf3 Nf6 2. g3 e6 3. c4 d5 4. Bg2 Be7 5. 0-0 0-0 6. b3 c5 7. e3 Nc6 8. Bb2 dxc4 9. bxc4 Qd3 10. Qb3 Qxb3 11. axb3 Rd8 1/2-1/2

[Event "Sao Bento do Sul U2050 1st"]
[White "Lopes, Leonardo Borges"]
[Black "Idalgo Filho, Robson Farias"]
[Site "Sao Bento do Sul"]
[Round "1.19"]
[Result "0-1"]
[Date "2016.05.20"]
[WhiteElo "1273"]
[BlackElo "1829"]
[PlyCount "70"]
[EventDate "2016.05.20"]
[EventType "swiss"]
[EventRounds "7"]
[EventCountry "BRA"]
[SourceTitle "EXT 2022"]
[Source "ChessBase"]
[SourceDate "2021.10.06"]
[SourceVersion "1"]
[SourceVersionDate "2021.10.06"]
[SourceQuality "1"]

1. Nf3 d5 2. c4 c6 3. e3 Nf6 4. Nc3 e6 5. b3 Bd6 6. Bb2 0-0 7. d4 Ne4 8. c5 Bc7 9. Bd3 f5 10. 0-0 Nd7 11. Bc2 Ndf6 12. Ne5 Nxc5 13. Ba3 Bxe5 14. Bxc5 Bd6 15. Bxd6 Qxd6 16. Qf3 Bd7 17. Na4 Be8 18. Qf4 Qxf4 19. exf4 b6 20. Rfe1 Bf7 21. Rac1 Rac8 22. Bd3 Rfe8 23. Ba6 Rc7 24. Nb2 Nd7 25. Nd3 Nb8 26. Nb4 Ree7 27. h4 c5 28. dxc5 bxc5 29. Nxd5 exd5 30. Bd3 Rxe1+ 31. Rxe1 g6 32. Rc1 Nd7 33. Bb5 Nf6 34. g3 Ne4 35. Rd1 Nc3 0-1

[Event "Curitiba Parana-ch"]
[White "Idalgo Filho, Robson Farias"]
[Black "Cruz, Charlie H dos Sant"]
[Site "Curitiba"]
[Round "7"]
[Result "1-0"]
[Date "2016.01.30"]
[WhiteElo "1791"]
[BlackElo "1735"]
[PlyCount "56"]
[EventDate "2016.01.26"]
[EventType "swiss"]
[EventRounds "8"]
[EventCountry "BRA"]
[SourceTitle "CBM 170 Extra"]
[Source "ChessBase"]
[SourceDate "2016.02.25"]
[SourceVersion "1"]
[SourceVersionDate "2016.02.25"]
[SourceQuality "1"]

1. Nf3 Nf6 2. c4 g6 3. g3 Bg7 4. Bg2 0-0 5. 0-0 d6 6. Nc3 e5 7. d3 c6 8. Rb1 Qc7 9. b4 Re8 10. Nd2 Be6 11. b5 Nbd7 12. bxc6 bxc6 13. Qa4 d5 14. Ba3 Bf8 15. Rfc1 Nb6 16. Qa5 Rac8 17. cxd5 Nfxd5 18. Nce4 Nd7 19. Qxc7 Rxc7 20. Bxf8 Rxf8 21. Ng5 h6 22. Nxe6 fxe6 23. Bh3 Re8 24. Ne4 N5f6 25. Nd6 Re7 26. Nb5 Rb7 27. Rxc6 Nf8 28. a4 Kf7 1-0

[Event "Curitiba Parana-ch"]
[White "Chemin, Vitorio"]
[Black "Idalgo Filho, Robson Farias"]
[Site "Curitiba"]
[Round "5"]
[Result "1-0"]
[Date "2016.01.29"]
[WhiteElo "2133"]
[BlackElo "1791"]
[PlyCount "91"]
[EventDate "2016.01.26"]
[EventType "swiss"]
[EventRounds "8"]
[EventCountry "BRA"]
[SourceTitle "CBM 170 Extra"]
[Source "ChessBase"]
[SourceDate "2016.02.25"]
[SourceVersion "1"]
[SourceVersionDate "2016.02.25"]
[SourceQuality "1"]

1. d4 d5 2. Nf3 c6 3. c4 dxc4 4. a4 Nf6 5. e3 Bf5 6. Bxc4 e6 7. 0-0 Be7 8. Nc3 0-0 9. Qe2 Bg4 10. h3 Bh5 11. Rd1 Nbd7 12. e4 a5 13. d5 Bxf3 14. Qxf3 Ne5 15. Qe2 Nxc4 16. dxe6 Bd6 17. Qxc4 Qe7 18. Be3 fxe6 19. e5 Bxe5 20. Bc5 Qf7 21. Bxf8 Rxf8 22. Re1 Bxc3 23. bxc3 Nd5 24. Ra2 Nf4 25. Kh2 Qg6 26. Qe4 Nd3 27. Qxg6 hxg6 28. Rxe6 Rxf2 29. Rxf2 Nxf2 30. Re7 Nd1 31. Rxb7 Nxc3 32. Ra7 Nxa4 33. Rxa5 Nb6 34. Rc5 Nd5 35. Rxc6 Nf6 36. g4 Kh7 37. Kg3 Ng8 38. Kf4 Nh6 39. Rc7 Kg8 40. Kg5 Kh7 41. h4 Ng8 42. Rf7 Nh6 43. Rf8 Ng8 44. Rxg8 Kxg8 45. Kxg6 Kf8 46. Kh7 1-0

[Event "Parana-ch"]
[White "Idalgo Filho, Robson Farias"]
[Black "Yano, William Jorge Froes"]
[Site "Curitiba"]
[Round "7"]
[Result "1/2-1/2"]
[Date "2015.01.31"]
[WhiteElo "1707"]
[BlackElo "2091"]
[PlyCount "115"]
[EventDate "2015.01.28"]
[EventType "swiss"]
[EventRounds "8"]
[EventCountry "BRA"]
[SourceTitle "CBM 164 Extra"]
[Source "ChessBase"]
[SourceDate "2015.03.02"]
[SourceVersion "1"]
[SourceVersionDate "2015.03.02"]
[SourceQuality "1"]

1. e4 e6 2. d4 d5 3. exd5 Qxd5 4. c4 Qd8 5. Nf3 Nf6 6. Nc3 Be7 7. Bd3 0-0 8. 0-0 b6 9. Bg5 Bb7 10. Qe2 Nbd7 11. Rad1 Ng4 12. Bxe7 Qxe7 13. Ne5 Ndxe5 14. dxe5 Qh4 15. h3 Nh6 16. Be4 Bxe4 17. Qxe4 Qxe4 18. Nxe4 Rfd8 19. g4 Kf8 20. Ng3 Ke7 21. Ne4 f5 22. exf6+ gxf6 23. f3 Nf7 24. Kf2 Ne5 25. b3 Nd3+ 26. Ke3 Nb4 27. Nc3 c5 28. Ke2 Nc2 29. Rxd8 Rxd8 30. Rd1 Nd4+ 31. Ke3 h5 32. Rd2 hxg4 33. hxg4 Rh8 34. Ne2 e5 35. Nc3 Rh3 36. Rf2 Ke6 37. Ne4 Rh1 38. Nc3 Rc1 39. Kd3 f5 40. gxf5+ Kxf5 41. Nd5 Rh1 42. Ke3 Rh3 43. Nc3 Rh4 44. Ne4 Rh3 45. Nc3 Rg3 46. Ne4 Rg1 47. Nc3 Re1+ 48. Ne2 Nxe2 49. Rxe2 Rxe2+ 50. Kxe2 Kf4 51. Kf2 a6 52. Ke2 e4 53. fxe4 Kxe4 54. a3 Kd4 55. Kd2 b5 56. cxb5 axb5 57. Kc2 c4 58. bxc4 1/2-1/2

[Event "Parana-ch"]
[White "Salustiano, Murilo Gimenez"]
[Black "Idalgo Filho, Robson Farias"]
[Site "Curitiba"]
[Round "5"]
[Result "1/2-1/2"]
[Date "2015.01.30"]
[WhiteElo "2026"]
[BlackElo "1707"]
[PlyCount "45"]
[EventDate "2015.01.28"]
[EventType "swiss"]
[EventRounds "8"]
[EventCountry "BRA"]
[SourceTitle "CBM 164 Extra"]
[Source "ChessBase"]
[SourceDate "2015.03.02"]
[SourceVersion "1"]
[SourceVersionDate "2015.03.02"]
[SourceQuality "1"]

1. d4 Nf6 2. Nf3 e6 3. g3 d5 4. Bg2 c5 5. e3 Nc6 6. 0-0 Be7 7. Nbd2 0-0 8. c3 b6 9. Re1 Bb7 10. Ne5 Rc8 11. f4 Qc7 12. g4 Nxe5 13. dxe5 Ne4 14. Bxe4 dxe4 15. g5 Rfd8 16. Qg4 Rd3 17. Nf1 Rcd8 18. h4 Qd7 19. h5 g6 20. h6 b5 21. Qe2 a5 22. Qc2 Bc6 23. b3 1/2-1/2